|
|
|
|
| LEADER |
02301nam a2200469 4500 |
| 001 |
ocn843203157 |
| 003 |
OCoLC |
| 005 |
20170124071348.4 |
| 006 |
m o d |
| 007 |
cr cnu|||unuuu |
| 008 |
130516s2010 iau o 000 0 eng d |
| 040 |
|
|
|a DG1
|b eng
|c DG1
|d CUS
|d NOC
|d OCLCO
|d OCLCF
|d OCLCO
|d YDXCP
|d OCLCQ
|d GrThAP
|
| 019 |
|
|
|a 902649401
|
| 020 |
|
|
|a 9781118704066
|q (electronic bk.)
|
| 020 |
|
|
|a 1118704061
|q (electronic bk.)
|
| 020 |
|
|
|z 9781118691977
|
| 029 |
1 |
|
|a AU@
|b 000051628992
|
| 029 |
1 |
|
|a DEBBG
|b BV043395882
|
| 029 |
1 |
|
|a GBVCP
|b 790207664
|
| 029 |
1 |
|
|a NZ1
|b 15340592
|
| 035 |
|
|
|a (OCoLC)843203157
|z (OCoLC)902649401
|
| 050 |
|
4 |
|a HG177
|b .A56 2010
|
| 082 |
0 |
4 |
|a 658.15/224
|2 23
|
| 049 |
|
|
|a MAIN
|
| 245 |
0 |
0 |
|a Annual giving primer :
|b how to boost annual giving results, even in a down economy.
|
| 250 |
|
|
|a 2010 ed.
|
| 264 |
|
1 |
|a Sioux City, Iowa :
|b Stevenson, Inc.,
|c [2010]
|
| 264 |
|
4 |
|c ©2010
|
| 300 |
|
|
|a 1 online resource (80 pages)
|
| 336 |
|
|
|a text
|b txt
|2 rdacontent
|
| 337 |
|
|
|a computer
|b c
|2 rdamedia
|
| 338 |
|
|
|a online resource
|b cr
|2 rdacarrier
|
| 505 |
0 |
|
|a Turn to Challenge Gifts to Bolster Gift Income -- Tried-and-Tested Retention Efforts -- Gift Clubs and Other Ways to Upgrade Donor's Giving -- Work to Broaden Your Donor Base and Raise More First-Time Gifts -- Turn to Board Members, Volunteers and Groups for Help -- Work to Improve Direct Mail Appeal Results -- How to Boost Phonathon Results -- Special Events Will Add to Your Bottom Line -- Raise More Annual Gifts Via Your Website, E-Mail -- Memorial, In-Tribute Gifts Offer Added Ways to Raise Funds -- Handouts, Collateral Materials Help Support Your Request -- Annual Giving Ideas and Examples Worth Doing.
|
| 588 |
0 |
|
|a Online resource; title from PDF title page (Wiley; viewed on May 16, 2013).
|
| 650 |
|
0 |
|a Fund raising.
|
| 650 |
|
0 |
|a Nonprofit organizations
|x Management.
|
| 650 |
|
7 |
|a Fund raising.
|2 fast
|0 (OCoLC)fst00936143
|
| 650 |
|
7 |
|a Nonprofit organizations
|x Management.
|2 fast
|0 (OCoLC)fst01038913
|
| 655 |
|
4 |
|a Electronic books.
|
| 776 |
0 |
8 |
|i Print version:
|t Annual Giving Primer, 2010.
|d Sioux City, Iowa : Stevenson, Inc., ©2010
|z 9781118691977
|w (OCoLC)828488454
|
| 856 |
4 |
0 |
|u https://doi.org/10.1002/9781118704066
|z Full Text via HEAL-Link
|
| 994 |
|
|
|a 92
|b DG1
|